000 00219nam a22000857a 4500
999 _c5500
_d5500
008 170116b xxu||||| |||| 00| 0 eng d
020 _a9788172163013
100 _92448
_aVanaik.A.
245 _aFundamentals of Rereational
260 _aNew delhi
_bSET
_c2010